000 00811nam a2200193Ia 4500
008 151121s9999||||xx |||||||||||||| ||und||
082 _aबा।वि।
082 _bHNW-73247
100 _aधानोरकर ज्ञानेश्वर विश्वनाथ
245 _aविद्यार्थ्यांचे अंतरंग
260 _b"विजया, नागपूर"
260 _c--
300 _a40
600 _aधानोरकर ज्ञानेश्वर विश्वनाथ
630 _aविद्यार्थ्यांचे अंतरंग
700 _aधानोरकर ज्ञानेश्वर विश्वनाथ
730 _aविद्यार्थ्यांचे अंतरंग
942 _cBOOK
999 _c1254705
_d1254702